| 000 | | | 03924nac2a22002771x 450 |
| 001 | | | 49e7d8a2-5911-4932-b414-4f035fc005de |
| 005 | | | 20160228035511.0 |
| 100 | ## | $a | 20160113l19201920k y0rusy50 ca |
| 101 | 0# | $a | rus |
| 102 | ## | $a | RU |
| 105 | ## | $a | y z ||||| |
| 122 | 2# | $a | d19200228 |
| | $a | d19200302 |
| 200 | 1# | $a | Телеграммы от различных учреждений и организаций с выражением соболезнования по поводу смерти Подбельского |
| | $j | 28 февраля - 2 марта 1920 |
| 215 | ## | $a | 8 листов |
| 251 | ## | $c | Дело |
| 300 | ## | $a | Заголовок дела на папке: Телеграммы от различных учреждений и организаций с выражением соболезнования по случаю смерти Подбельского |
| 300 | ## | $a | Машинописный текст |
| 330 | ## | $a | Входит в раздел описи: V. Бюро телеграмм. 1. Приветственные телеграммы |
| 461 | #0 | $1 | 001ad6baeac-e292-4829-90d1-2f4f65796a62 |
| | $1 | 2001 |
| | $a | СОВЕТ НАРОДНЫХ КОМИССАРОВ РСФСР (СНК РСФСР) |
| | $1 | 251 |
| | $c | Фонд |
| | $1 | 852 |
| | $j | 130 |
| | $g | Р |
| 462 | #0 | $1 | 0017393eac8-aea5-4181-b014-0a5beab45138 |
| | $1 | 2001 |
| | $a | 1920 г. |
| | $v | Д. 432 |
| | $1 | 251 |
| | $c | Опись |
| | $1 | 852 |
| | $j | 4 |
| 517 | 1# | $a | Телеграммы от различных учреждений и организаций с выражением соболезнования по случаю смерти Подбельского |
| 600 | #1 | $a | Подбельский |
| 601 | 01 | $3 | RU\NLR\AUTH\661074810 |
| | $a | РСФСР |
| | $b | Совет Народных Комиссаров |
| 801 | #0 | $a | RU |
| | $b | GA_RF |
| 801 | #1 | $a | RU |
| | $b | НПО Опыт |
| | $c | 20160113 |
| | $2 | rusmarc |
| 801 | #2 | $a | RU |
| | $b | ПБ им. Б.Н. Ельцина |
| | $c | 20160228 |
| | $g | RCR |
| | $2 | rusmarc |
| 852 | ## | $a | ГА РФ |
| | $j | 432 |
| 937 | ## | $d | 65362816 |
| | $h | ПБ |
| 035 | ## | $a | RuPRLIB51036174 |